Devinez la Capitale Mystère #134 - Statistiques

Statistiques générales
  • Ce quiz a été pris 118 fois
  • Le résultat moyen est 28 sur 32
Statistiques - réponses
Type de Réponse Réponse % Correct
Lettre de l'Alphabet R
100%
Lettre de l'Alphabet A
99%
Lettre Trouvée I
99%
Lettre de l'Alphabet S
99%
Lettre Bien Placée I
96%
Lettre Trouvée E
95%
Lettre Bien Placée P
95%
Lettre Trouvée P
95%
Lettre Trouvée N
94%
Lettre de l'Alphabet D
93%
Lettre de l'Alphabet L
92%
Lettre de l'Alphabet M
92%
Lettre de l'Alphabet O
92%
Lettre de l'Alphabet B
90%
Lettre de l'Alphabet U
88%
Lettre de l'Alphabet G
86%
Lettre Trouvée K
86%
Lettre de l'Alphabet T
86%
Lettre de l'Alphabet C
85%
Lettre Bien Placée É
84%
Lettre de l'Alphabet V
84%
Lettre de l'Alphabet H
83%
Lettre Bien Placée K
82%
Lettre de l'Alphabet W
82%
Lettre Bien Placée N
81%
Lettre de l'Alphabet Y
81%
Lettre de l'Alphabet J
80%
Lettre de l'Alphabet X
80%
Lettre de l'Alphabet Z
80%
Lettre de l'Alphabet F
79%
Capitale Mystère Pékin
79%
Lettre de l'Alphabet Q
79%
Aucun quiz correspondant
Distribution des résultats
% des personnes avec chaque résultat
Percentile par nombre de réponses
Votre historique - résultats
Vous n’avez pas pris ce quiz